000 00377nam a2200145Ia 4500
005 20251222154346.0
008 251222s9999||||xx |||||||||||||| ||spa||
020 _a8433005790
082 _a616.891.4/G59
100 _aGoldstein, Arnold P.
245 0 _aGeneralización y Transfer en Psicoterapia:
250 _a2da.ed.
264 _bDesclée de Brouwer, S.A.
942 _cLIB
999 _c34725
_d34725